| 000 | 00706nam a2200181Ia 4500 | ||
|---|---|---|---|
| 005 | 20251020182610.0 | ||
| 008 | 200515s9999 xx 000 0 und d | ||
| 082 | _aSC/624.011.1/J89 | ||
| 110 | _aJunta del Acuerdo de Cartagena | ||
| 245 | 0 | _aConcurso Subregional sobre sistemas constructivos a base de madera | |
| 260 | _aLima | ||
| 260 | _c1987 | ||
| 300 | _a72 | ||
| 520 | _aConcurso que tuvo como objetivo principal, motivar el talento del diseñador para proponer nuevos aportes tecnológicos, o en su defecto racionalizar los métodos constructivos actualmente disponibles, orientándoles hacia la utilización ordenada y sistemátic | ||
| 650 | _aMADERA | ||
| 650 | _aPUB JUNAC | ||
| 942 | _cLIB | ||
| 999 |
_c3310 _d3310 |
||